Augmenting breeding for disese resistance in rubber tree-Wickham clones serve as a reliable germplasm resource to excavate diverse resistance genes (Record no. 54598)

MARC details
000 -LEADER
fixed length control field 00704nam a2200157Ia 4500
100 ## - MAIN ENTRY--AUTHOR NAME
Personal name Limiya J
245 #0 - TITLE STATEMENT
Title Augmenting breeding for disese resistance in rubber tree-Wickham clones serve as a reliable germplasm resource to excavate diverse resistance genes
260 ## - PUBLICATION, DISTRIBUTION, ETC. (IMPRINT)
Name of publisher National Symposium on Biocontrol of Plant Diseases Under Current Scenario of Restricted Pesticide use, 27-28 January 2021, Indian Phytopathological Society Middle East Zone and Aligarh Muslim University, New Delhi, India.
650 ## - SUBJECT ADDED ENTRY--TOPICAL TERM
Topical Term Breeding
650 ## - SUBJECT ADDED ENTRY--TOPICAL TERM
Topical Term Disease resistance
650 ## - SUBJECT ADDED ENTRY--TOPICAL TERM
Topical Term Wickham clones
700 ## - ADDED ENTRY--PERSONAL NAME
Personal name Roy C.B
856 ## - ELECTRONIC LOCATION AND ACCESS
Uniform Resource Identifier Bibli details only
942 ## - ADDED ENTRY ELEMENTS (KOHA)
Koha item type Journals
Holdings
Withdrawn status Lost status Damaged status Not for loan Home library Current library Shelving location Date acquired Koha item type
      Journals RRII Library RRII Library Pathology 01/01/2021 Journals